| 000 | 00932nam a22002897a 4500 | ||
|---|---|---|---|
| 001 | 6484 | ||
| 003 | FISKH | ||
| 005 | 20250506111955.0 | ||
| 008 | 250506b cb ||||| |||| 00| 0 eng d | ||
| 020 | _a9780590251600 | ||
| 040 |
_aFISKH _beng _cFISKH _dFISKH |
||
| 050 | _aPZ7.M3567585 D | ||
| 082 | _a 813.54 | ||
| 100 |
_aM.Martin, Ann _d(1955-) |
||
| 245 |
_aThe baby sitters club : _bDawn and the impossible three / _cAnn M.Martin |
||
| 250 | _aThis edition first published in 1987 | ||
| 260 |
_aNew York : _bScholastic, _c1987 |
||
| 300 |
_a155 pages : _c20 cm |
||
| 505 | _aJ | ||
| 520 | _aAs a new member of the Baby-sitters Club, Dawn tries to win the acceptance of the club's president by tackling a tough babysitting job. | ||
| 521 | 8 |
_a440
_bLexile |
|
| 521 | 8 |
_aJ
_bRaz-Plus |
|
| 650 |
_2Babysitters _aMiddle grade |
||
| 650 |
_2Young adult _aRealistic fiction |
||
| 942 |
_2ddc _cBK _n0 |
||
| 999 |
_c6484 _d6484 |
||